Моделирование условий карбонизации продуктов неравновесного электрохимического окисления меди и алюминия; Проблемы геологии и освоения недр; Т. 2

Dettagli Bibliografici
Parent link:Проблемы геологии и освоения недр: труды XVII Международного симпозиума имени академика М. А. Усова студентов и молодых ученых, Томск, 1-5 апреля 2013 г./ Национальный исследовательский Томский политехнический университет (ТПУ), Институт природных ресурсов (ИПР) ; Общество инженеров-нефтяников, Студенческий чаптер ; под ред. А. Ю. Дмитриева.— , 2013
Т. 2.— 2013.— [С. 184-186]
Autore principale: Усольцева Н. В. Наталья Васильевна
Ente Autore: Национальный исследовательский Томский политехнический университет (ТПУ) Институт природных ресурсов (ИПР) Кафедра общей химической технологии (ОХТ)
Altri autori: Коробочкин В. В. Валерий Васильевич (научный руководитель)
Riassunto:Заглавие с экрана
Lingua:russo
Pubblicazione: 2013
Serie:Современные технологии подготовки освоения и переработки минерального и углеводородного сырья Переработка минерального сырья
Soggetti:
Accesso online:http://www.lib.tpu.ru/fulltext/c/2013/C11/V2/083.pdf
Natura: Elettronico Capitolo di libro
KOHA link:https://koha.lib.tpu.ru/cgi-bin/koha/opac-detail.pl?biblionumber=605048

MARC

LEADER 00000naa2a2200000 4500
001 605048
005 20260220142804.0
035 |a (RuTPU)RU\TPU\conf\2333 
035 |a RU\TPU\conf\2329 
090 |a 605048 
100 |a 20140331d2013 k y0rusy50 ca 
101 0 |a rus 
102 |a RU 
135 |a arnn ---uucaa 
181 0 |a i  
182 0 |a b 
200 1 |a Моделирование условий карбонизации продуктов неравновесного электрохимического окисления меди и алюминия  |f Н. В. Усольцева  |g науч. рук. В. В. Коробочкин 
203 |a Текст  |c электронный 
225 1 |a Современные технологии подготовки освоения и переработки минерального и углеводородного сырья  |v Переработка минерального сырья 
300 |a Заглавие с экрана 
320 |a [Библиогр.: с. 186 (6 назв.)] 
337 |a Adobe Reader 
461 1 |0 (RuTPU)RU\TPU\conf\37  |t Проблемы геологии и освоения недр  |o труды XVII Международного симпозиума имени академика М. А. Усова студентов и молодых ученых, Томск, 1-5 апреля 2013 г.  |o в 2 т.  |f Национальный исследовательский Томский политехнический университет (ТПУ), Институт природных ресурсов (ИПР) ; Общество инженеров-нефтяников, Студенческий чаптер ; под ред. А. Ю. Дмитриева  |d 2013 
463 1 |0 (RuTPU)RU\TPU\conf\39  |t Т. 2  |v [С. 184-186]  |d 2013 
610 1 |a труды учёных ТПУ 
610 1 |a электронный ресурс 
610 1 |a моделирование 
610 1 |a карбонизация 
610 1 |a неравновесное окисление 
610 1 |a электрохимическое окисление 
610 1 |a медь 
610 1 |a алюминий 
700 1 |a Усольцева  |b Н. В.  |c химик-технолог  |c инженер Томского политехнического университета  |f 1985-  |g Наталья Васильевна  |3 (RuTPU)RU\TPU\pers\27928  |9 12931 
702 1 |a Коробочкин  |b В. В.  |c российский химик-технолог  |c заведующий кафедрой Томского политехнического университета, доктор технических наук  |f 1951-  |g Валерий Васильевич  |4 727 
712 0 2 |a Национальный исследовательский Томский политехнический университет (ТПУ)  |b Институт природных ресурсов (ИПР)  |b Кафедра общей химической технологии (ОХТ)  |3 (RuTPU)RU\TPU\col\18654 
801 2 |a RU  |b 63413507  |c 20230315  |g RCR 
856 4 |u http://www.lib.tpu.ru/fulltext/c/2013/C11/V2/083.pdf 
942 |c CF